| 000 | 00898nas a2200277 4500 | ||
|---|---|---|---|
| 001 | BR0805809 | ||
| 003 | BR-BrBNA | ||
| 005 | 20231205112025.0 | ||
| 007 | ta | ||
| 008 | 230509b bl.|||p| |||| 00| 00por d | ||
| 040 |
_aBR-BrBNA _bpor _cBiblioteca Nacional de Agricultura |
||
| 041 | _a(Pt) | ||
| 072 | _aE16 | ||
| 100 | 1 | _aAlmeida Júnior, G.A. de | |
| 100 | 1 | _aCosta, C. | |
| 100 | 1 | _aCarvalho, S.M.R. de | |
| 100 | 1 | _aPresichetti Júnior, P. | |
| 100 | 1 | _aPanichi, A. | |
| 245 | 1 | _aDesempenho de bezerros holandeses alimentados após o desaleitamento com silagem de grãos úmidos ou grãos secos de milho ou sorgo | |
| 650 | _aTANINO | ||
| 650 | _aCUSTO DE PRODUÇÃO | ||
| 650 | _aBEZERRO | ||
| 773 | 0 |
_tRevista Brasileira de Zootecnia (Brazil) _xISSN 1516-3598 _g(Jan 2008), v. 37(1) p. 148-156 _wBR0805809 |
|
| 909 |
_a202311 _bLúcia _c55 _dLúcia Elande |
||
| 942 |
_2AGRIS _n0 _cANA |
||
| 999 |
_c195686 _d195686 |
||